| 000 | 00731nam a2200181 a 4500 | ||
|---|---|---|---|
| 001 | 000015670 | ||
| 005 | 20200929164118.0 | ||
| 008 | 100217s1955 dr 000 0 spa d | ||
| 040 |
_aDO-SdBNP _bspa _cBNPHU |
||
| 082 |
_axxx _bR314e |
||
| 111 | 2 |
_aConferencia la redención económica, base de la soberanía nacional _d(1955 sept. 24 : _cCiudad Trujillo, República Dominicana) _935320 |
|
| 245 | 1 | 3 |
_aLa redención económica base de la soberanía nacional / _cErnesto Sánchez Rubirosa. |
| 260 |
_aCiudad Trujillo, República Dominicana : _bPublicaciones del Partido Dominicano, _c1955. |
||
| 300 |
_a24 p. ; _c23 cm. |
||
| 500 | _aIncluye notas al pie de páginas | ||
| 700 | 1 |
_aSánchez Rubirosa, Ernesto _935321 |
|
| 049 | _aBNPD | ||
| 999 |
_c15222 _d15222 |
||